Ako podnikať
Z obsahu: Cenotvorba. Absurdity a riziká zákona o cenách. Ako začať kariéru - ako prežiť prvý pohovor. Efektívny predajca - pozornosť volaného. Poradenstvo.
Salvato in:
| Natura: | Capitolo di libro |
|---|---|
| Lingua: | slovacco |
| Soggetti: | |
| Tags: |
Nessun Tag, puoi essere il primo ad aggiungerne!!
|
MARC
| LEADER | 00000naa$a2200000$$$4500 | ||
|---|---|---|---|
| 001 | 0047676 | ||
| 005 | 20231009084031.2 | ||
| 041 | 0 | |a slo | |
| 044 | |a SK | ||
| 245 | 1 | 0 | |a Ako podnikať |
| 520 | |a Z obsahu: Cenotvorba. Absurdity a riziká zákona o cenách. Ako začať kariéru - ako prežiť prvý pohovor. Efektívny predajca - pozornosť volaného. Poradenstvo. | ||
| 610 | 2 | 0 | |a podnikanie |
| 610 | 2 | 0 | |a tvorba cien |
| 610 | 2 | 0 | |a zákony |
| 610 | 2 | 0 | |a riziko |
| 610 | 2 | 0 | |a predajcovia |
| 610 | 2 | 0 | |a kariéra |
| 610 | 2 | 0 | |a poradenstvo |